|
|
|
|
| LEADER |
00000nab a2200000 ar4500 |
| 001 |
vtls008689802 |
| 003 |
SK-MaSNL |
| 005 |
20260303073711.0 |
| 008 |
060410c2005 xo mr|p|||||||000 b|slo |
| 015 |
|
|
|a SNBRB2006/04
|2 snkbucl
|
| 038 |
|
|
|a SNKBUCL
|
| 040 |
|
|
|a SNKBUCL
|b slo
|c SNKBUCL
|e AACR2
|
| 041 |
0 |
|
|a slo
|
| 044 |
|
|
|a xo
|c SK
|
| 080 |
|
|
|a 821.162.4-32
|2 1997
|
| 080 |
|
|
|a 82.09:821.112.2-31
|2 1997
|
| 080 |
|
|
|a 821.112.2-31.09
|2 1997
|
| 100 |
1 |
|
|a Kokavcová, Lýdia
|4 aut
|9 843289
|
| 245 |
1 |
0 |
|a (Východo)Berlínsky luster
|c Lýdia Kokavcová
|
| 600 |
1 |
7 |
|a Kaminer, Wladimir,
|d 1967-
|t Cesta do Truraly
|2 snkbucl
|9 1075689
|
| 600 |
1 |
7 |
|a Schulze, Ingo,
|d 1962-
|t Obyčejný storky
|2 snkbucl
|9 1075690
|
| 650 |
0 |
7 |
|a spoločenské poviedky, slovenské
|2 snkbucl
|9 28976
|
| 773 |
0 |
|
|t Knihy a spoločnosť
|g Roč. 2, č. 10 (2005), s. 14
|x 1336-5584
|
| 852 |
|
|
|a SNK
|b KIS3GCP
|
| 958 |
|
|
|a LX
|
| 958 |
|
|
|a DE
|
| 999 |
|
|
|c 1768821
|d 1770751
|